Statistiques concernant Géographie par lettre - D

Cliquez ici pour prendre le quiz!

Statistiques générales

  • Ce quiz a été pris 24 194 fois
  • Le résultat moyen est 10 sur 20

Statistiques - réponses

allusionréponse% Correct
Capitale de l'IrlandeDublin
99%
Célèbre pour sa moutarde, Florissimo et une foire gastronomiqueDijon
93%
Nom allemand pour l'AllemagneDeutschland
91%
Ville avec le plus haut bâtiment du mondeDubaï
87%
Fleuve qui traverse Vienne et BudapestDanube
76%
Capitale de DjiboutiDjibouti
75%
Ville la plus peuplée d'IndeDelhi
69%
Le pays de HamletDanemark
67%
Forme triangulaire à l'embouchure de certaines rivièresDelta
66%
Le premier état américainDelaware
62%
Rivière qui se jette dans la Gironde près de BordeauxDordogne
55%
Ville anglaise sur la Manche avec des falaises blanchesDouvres
41%
Ville allemande détruite par un bombardement en 1945Dresde
35%
Détroit reliant la mer Méditerranée et la mer de MarmaraDardanelles
25%
Nom du parlement russeDouma
25%
La troisième plus grande ville d'Afrique du SudDurban
22%
La plus haute montagne des États-Unis, anciennement mont McKinleyDenali
12%
Capitale de BaliDenpasar
12%
Fête hindoue des lumièresDiwali
10%
Ville devenue capitale en 2011Djouba
9%

Distribution des résultats

Percentile par nombre de réponses

% des personnes avec chaque résultat

Votre développement - résultats

Vous n’avez pas pris ce quiz